| 000 | 03279 a2201105 4500 | ||
|---|---|---|---|
| 003 | PE-LiUPU | ||
| 005 | 20251223180003.0 | ||
| 008 | 231227b |||||||| |||| 00| 0 spa d | ||
| 020 | _a9786123117863 | ||
| 040 |
_aPE-LiUPU _bspa _cPE-LiUPU _dPE-LiUPU _erda |
||
| 082 |
_223 _a343.7 _bP963 |
||
| 245 | 0 | 4 |
_aLos procedimientos administrativos especiales en sus documentos / _cDivisión de Estudios Jurídicos de Gaceta Jurídica. |
| 250 | _aprimera edición. | ||
| 264 |
_aLima : _bGaceta Jurídica, _c2021. |
||
| 300 |
_a461 páginas : _bilustraciones; _c25 centímetros. |
||
| 505 | _aEscritos generales en el procedimiento administrativo general -- Escritos generales en el procedimiento administrativo sancionador -- Escritos del procedimiento administrativo sancionador ante gobiernos locales -- Escritos del procedimiento administrativo sancionador ante ministerios -- Escritos del procedimiento administrativo sancionador ante organismos técnicos especializados -- Escritos del procedimiento administrativo sancionador ante organismos reguladores del Estado -- Escritos del procedimiento administrativo sancionador ante organismos ejecutores -- Escritos generales en los procedimientos administrativos disciplinarios -- Escritos en el procedimiento trilateral -- Demandas contencioso administrativas. | ||
| 526 | _aP202 | ||
| 526 | _aP201 | ||
| 526 | _aP163 | ||
| 526 | _aP162 | ||
| 526 | _aP161 | ||
| 526 | _aP160 | ||
| 526 | _aP148 | ||
| 526 | _aP147 | ||
| 526 | _aP146 | ||
| 526 | _aP145 | ||
| 526 | _aP144 | ||
| 526 | _aP143 | ||
| 526 | _aP142 | ||
| 526 | _aP141 | ||
| 526 | _aP140 | ||
| 526 | _aP139 | ||
| 526 | _aP138 | ||
| 526 | _aP137 | ||
| 526 | _aP136 | ||
| 526 | _aP135 | ||
| 526 | _aP134 | ||
| 526 | _aP133 | ||
| 526 | _aP129 | ||
| 526 | _aP128 | ||
| 526 | _aP127 | ||
| 526 | _aP120 | ||
| 526 | _aP119 | ||
| 526 | _aP118 | ||
| 526 | _aP116 | ||
| 526 | _aP115 | ||
| 526 | _aP114 | ||
| 526 | _aP110 | ||
| 526 | _aP109 | ||
| 526 | _aP108 | ||
| 526 | _aP104 | ||
| 526 | _aP103 | ||
| 526 | _aP102 | ||
| 526 | _aP99 | ||
| 526 | _aP98 | ||
| 526 | _aP97 | ||
| 526 | _aP96 | ||
| 526 | _aP95 | ||
| 526 | _aP93 | ||
| 526 | _aP90 | ||
| 526 | _aP89 | ||
| 526 | _aP88 | ||
| 526 | _aP83 | ||
| 526 | _aP82 | ||
| 526 | _aP62 | ||
| 526 | _aP59 | ||
| 526 | _aP58 | ||
| 526 | _aP57 | ||
| 526 | _aP51 | ||
| 526 | _aP49 | ||
| 526 | _aP48 | ||
| 526 | _aP47 | ||
| 526 | _aP29 | ||
| 526 | _aP24 | ||
| 526 | _aP20 | ||
| 526 | _aP19 | ||
| 526 | _aP17 | ||
| 526 | _aP15 | ||
| 526 | _aP14 | ||
| 526 | _aP12 | ||
| 526 | _aP10 | ||
| 526 | _aP09 | ||
| 526 | _aP08 | ||
| 526 | _aP07 | ||
| 526 | _aP06 | ||
| 526 | _aP05 | ||
| 526 | _aP04 | ||
| 526 | _aP01 | ||
| 650 | 1 | 0 |
_aProcedimiento administrativo _xAspectos legales. _93560 |
| 650 | 2 | 0 |
_aAdministración pública _zPerú. _93561 |
| 650 | 2 | 8 |
_aDocumentos públicos _zPerú. _93562 |
| 942 |
_cBK _2ddc _n0 |
||
| 980 |
_621515 _aDIGNA BRAÑES Analista Documental _818226 _gJaime Vilcazán Jefe de Análisis Documental |
||
| 999 |
_c62247 _d62246 |
||